000 01028nam a2200289 4500
001 0000016216
003 CO-CtgCURN
005 20250331185153.0
007 ta
008 160627s1991 000 0 eng d
020 _a9682441021
040 _aCO-CtgCURN
_bspa
_ccoctgcurn
082 0 _a614.018
_bP37m
100 1 _aPérez Martínez, Ramon Alberto.
245 1 0 _aMetodología de la Investigación cientifica :
_baplicada a la salud publica /
_cRamon Alberto Pérez Martínez.
260 _aMexico :
_bTrillas,
_c1991.
300 _a109 p.
336 _2rdacontent
337 _2rdamedia
_asin mediacion
_bn
338 _2rdacarrier
_avolumen
_bnc
500 _aIncluye indice.
505 8 _aLa ciencia y el metodo cientifico.--Diseño de Investigación en la salud publica.--investigación de epidemias.--Protocolo o diseño de Investigación
650 1 4 _aHigiene publica.
908 _a160627
942 _cBK
_h614.018
_iP37m
_2ddc
999 _c21913
_d21913